Understanding molecular simulation, second edition : (Record no. 30257)

000 -LEADER
fixed length control field 00581 a2200193 4500
003 - CONTROL NUMBER IDENTIFIER
control field NUST
005 - DATE AND TIME OF LATEST TRANSACTION
control field 20180118114954.0
008 - FIXED-LENGTH DATA ELEMENTS--GENERAL INFORMATION
fixed length control field 180118b xxu||||| |||| 00| 0 eng d
020 ## - INTERNATIONAL STANDARD BOOK NUMBER
International Standard Book Number 0122673514
020 ## - INTERNATIONAL STANDARD BOOK NUMBER
International Standard Book Number 9780122673511
082 ## - DEWEY DECIMAL CLASSIFICATION NUMBER
Classification number 539.60113
100 1# - MAIN ENTRY--PERSONAL NAME
Personal name Frenkel, Daan.
9 (RLIN) 8638
245 10 - TITLE STATEMENT
Title Understanding molecular simulation, second edition :
Remainder of title from algorithms to applications /
Statement of responsibility, etc. Daan Frenkel, Berend Smit.
250 ## - EDITION STATEMENT
Edition statement 2nd ed.
260 ## - PUBLICATION, DISTRIBUTION, ETC.
Place of publication, distribution, etc. [S.l.] :
Name of publisher, distributor, etc. Academic Press,
Date of publication, distribution, etc. 2002.
300 ## - PHYSICAL DESCRIPTION
Extent 664 p. ;
Dimensions 24 cm.
490 1# - SERIES STATEMENT
Series statement Computational science.
700 1# - ADDED ENTRY--PERSONAL NAME
Personal name Smit, Berend.
9 (RLIN) 8639
830 #0 - SERIES ADDED ENTRY--UNIFORM TITLE
Uniform title Computational science.
9 (RLIN) 8640
942 ## - ADDED ENTRY ELEMENTS (KOHA)
Institution code [OBSOLETE] SNS
Koha item type Book
Call number prefix 539.60113 FRE
Source of classification or shelving scheme
Holdings
Withdrawn status Lost status Damaged status Not for loan Permanent Location Current Location Date acquired Total Checkouts Full call number Barcode Date last seen Price effective from Koha item type
        School of Natural Sciences (SNS) School of Natural Sciences (SNS) 05/26/2016   539.60113 FRE SNS0001795 05/26/2016 05/26/2016 Book
© 2023 Central Library, National University of Sciences and Technology. All Rights Reserved.